000 00709nam a2200205Ia 4500
003 GCL
008 140319s9999 xx 000 0 ara d
020 _a2016063977
040 _aGCL /
_cGCL
082 0 4 _a251.12
_bم ت
100 1 _aمحمد القزاز
245 1 0 _aالتربية الجنسية فى ظلال السنة النبوية /
_cمحمد القزاز
260 _aالقاهرة :
_bدار فرحة للنشر والتوزيع ،
_c1999
300 _a153 ص ؛
_c24 سم
650 0 4 _aالثقافة الاسلامية
650 0 4 _aالسنة النبوية
650 0 4 _aالتعليم الدينى الاسلامى
650 0 4 _aالتربية الاسلامية
942 _2ddc
_cBK
999 _c5995
_d5995